00317nam a22001217a 450000500170000000800410001708200140005810000120007224500540008426000090013830000230014770000250017020231025142441.0231025b |||||||| |||| 00| 0 eng d a347.1 BAN lEnglish aThe Bangalore Principles of Judicial Conduct 2002 c2002 b11 pages ;c30 cm. aLegal practice cLaw